Normal view
MARC view
- McDill, W. A.
Entry Personal Name
001 - CONTROL NUMBER
- control field: 48964
003 - CONTROL NUMBER IDENTIFIER
- control field: NUST
005 - DATE AND TIME OF LATEST TRANSACTION
- control field: 20210314134214.0
008 - FIXED-LENGTH DATA ELEMENTS
- fixed length control field: 210314|| aca||aabn | a|a d
040 ## - CATALOGING SOURCE
- Original cataloging agency: NUST
- Transcribing agency: NUST
100 ## - HEADING--PERSONAL NAME
- Personal name: McDill, W. A.
670 ## - SOURCE DATA FOUND
- Source citation: Work cat.: (NUST): Kerry, Armine John, 48963, The history of the Corps of Royal Canadian Engineers,, 1962-66.
